000 00671cam a2200241ua 4500
001 5909
008 180622n ii |||gr||||Z||||||eng
020 _a81-7476-527-1
040 _cMAIN
041 _aeng
082 _a910.5416
100 _aBora,Shiela,
_eAuthor.,
245 _aStory of tourism :
_ban Enchanting Journey Through India`s North-East /
_cBy Shiela Bora .
250 _a1st ed.
260 _aNew Delhi:
_bUBS Publishers Distibutors pvt.Ltd,
_c2005.
300 _aix,369p.
653 _aHistory
653 _aStory of Tourism
653 _aTourism
700 _aBora,Shiela,
_eAuthor.,
700 _aBora,Mahesh Chandra,
_eAuthor.,
942 _cBK
999 _c5063
_d5063